000 00675nam a2200229 a 4500
999 _c1769
_d1769
001 1769
003 BD-JhCC
005 20171024111255.0
008 171024s2012 bg ||||| |||| 00| 0 ben d
020 _a9847012002117
035 _a(BD-JhCC)1769
040 _aBD-JhCC
_dBD-JhCC
041 _aben
082 _a891.4409
_bHAQ 2012
100 _aহক, হাসান আজিজুল
245 _aশ্রেষ্ঠ প্রবন্ধ /
_cহাসান আজিজুল হক
260 _aঢাকা :
_bকথা প্রকাশনী,
_c2012.
300 _a320 P. :
_c21 cm.
650 _aBengali literature
942 _2ddc
_cBK